Language Quiz

Random Language or Letter Quiz
Score 0/32 Timer 02:00
20 Plays Today
% Correct
Bay
98.3%
Day
98.2%
May
98.2%
Lay
98.1%
Pay
97.8%
Hay
97.5%
Gay
97.1%
Nay
97%
Ray
96.9%
Way
96.7%
Cay
96.1%
Fay
96%
Jay
95.7%
Kay
95.1%
Soy
92.1%
Sad
92%
% Correct
Sat
90%
Yay
88.9%
Sag
88.6%
Sac
88.2%
Sap
88.2%
Sab
87.3%
Saw
85.1%
Sly
84.4%
Sal
84.3%
Spy
83.1%
Sty
82.1%
Sae
81.2%
Sky
80.3%
Shy
78.2%
Sax
76.8%
Sau
74%

You're not logged in!

Compare scores with friends on all Sporcle quizzes.
OR
Log In

Sporcle TV

Today on Sporcle TV


Watch our educational content, quiz creation guides, and fun videos on Sporcle TV.

Show Comments

Extras

Top Quizzes Today


Score Distribution

Paid Content

Your Account Isn't Verified!

In order to create a playlist on Sporcle, you need to verify the email address you used during registration. Go to your Sporcle Settings to finish the process.

Report this User

Report this user for behavior that violates our Community Guidelines.

Details: